00337nam a2200133Ia 4500008004100000041000800041082001600049100002000065245002600085250002200111260002800133300001100161650003100172231207s9999 xx 000 0 und d aeng a005.133/BAL aE. Balguruswamy aProgramming with Java a2005, 2nd Edition bTata mc graw hill Delhi aPB/453 aComnputer Program Language